[Event "HUN-chT1"]
[Site "HUN"]
[Date "1995.??.??"]
[Round "?"]
[White "Varga, Peter"]
[Black "Lengyel, Levente"]
[Result "1/2-1/2"]
[WhiteElo "2440"]
[BlackElo "2365"]

1.d4 Nf6 2.c4 e6 3.Nc3 Bb4 4.Qc2 O-O 5.a3 Bxc3+ 6.Qxc3 b6 7.Nf3 Bb7 8.e3 d6
9.Be2 Ne4 10.Qc2 f5 11.O-O Nd7 12.b4 a5 13.Bb2 Qe7 14.Rfd1 axb4 15.axb4 Rxa1
16.Rxa1 Ra8 17.Rxa8+ Bxa8 18.Qa4 Qd8 19.Ne1 Bb7 20.Nd3 Nef6 21.Nf4 Kf7 22.d5 e5
23.Ne6 Qc8 24.Qa7 Kg8 25.f4 c6 26.fxe5 dxe5 27.Nd8 Ba8 28.Nxc6 Bxc6 29.dxc6 Qxc6
30.Qa3 Qe4 31.Qd3 Qxd3 32.Bxd3 g6 33.h3 Kf7 34.Kf2 Ke6 35.Bc2 Kd6 36.Ke2 Kc6
37.Ba4+ Kd6 38.Kd3 Ke6 39.Kc2 g5 40.Kd3 h5 41.Bb3 Kd6 42.Bc2 Ke6 43.Ba3 Ne4
44.Ke2 Nef6 45.Ba4 Kd6 46.Bc2 Ke6 47.Bb2 Ne8 48.Kd2 f4 49.exf4 gxf4 50.Be4 Nd6
51.Bd3 e4 52.Be2 f3 53.gxf3 exf3 54.Bf1 Nf5 55.Bd3 Ne5 56.Bxe5 Kxe5 57.c5 bxc5
58.bxc5 Kd5 59.Bxf5 Kxc5 60.Ke3 Kd6 61.Kf4 Ke7 62.Kg5 Kf8 63.Kh6 Kg8  1/2-1/2

[Event "HUN-chT1"]
[Site "HUN"]
[Date "1995.??.??"]
[Round "?"]
[White "Sinkovics, Peter"]
[Black "Tolnai, Tibor"]
[Result "0-1"]
[WhiteElo "2410"]
[BlackElo "2470"]

1.d4 Nf6 2.c4 e6 3.Nc3 Bb4 4.Qc2 O-O 5.Bg5 c5 6.dxc5 Qa5 7.Bxf6 gxf6 8.h4 Bxc3+
9.bxc3 Qxc5 10.Rh3 Nc6 11.e3 b6 12.Nf3 f5 13.Rg3+ Kh8 14.O-O-O Qe7 15.Nd4 Nxd4
16.cxd4 d5 17.Kb2 Bb7 18.h5 Rfc8 19.Qb3 dxc4 20.Bxc4 b5 21.Bxb5 Rab8 22.Ka1 Be4
23.Qb2 Rc2  0-1

[Event "HUN-chT1"]
[Site "HUN"]
[Date "1995.??.??"]
[Round "?"]
[White "Forintos, Gyozo V"]
[Black "Zsinka, Laszlo"]
[Result "1/2-1/2"]
[WhiteElo "2485"]
[BlackElo "2355"]

1.d4 Nf6 2.c4 e6 3.Nc3 Bb4 4.Qc2 O-O 5.a3 Bxc3+ 6.Qxc3 b5 7.cxb5 c6 8.Bg5 h6
9.Bh4 cxb5 10.e3 Bb7 11.Nf3 g5 12.Bg3 Ne4 13.Qc2 Na6 14.b4 Rc8 15.Qb2 Nc7
16.Bd3 d6 17.Ng1 f5 18.Ne2 a6 19.f3 Nxg3 20.hxg3 Qf6 21.O-O Nd5 22.Qd2 f4
23.exf4 gxf4 24.Be4 fxg3 25.Nxg3 Rc4 26.Rad1 Qh4 27.Qe1 Rc7 28.Bxd5 Bxd5
29.Ne4 Qxe1 30.Rfxe1 Rc6 31.Rc1 Bxe4 32.fxe4 Rfc8 33.Rxc6 Rxc6 34.d5 Rc3
35.dxe6 Kf8 36.e5 dxe5 37.Rxe5 Ke7 38.Rh5 Rxa3 39.Rxh6 Ra4 40.Kh2 Rxb4 41.Rh7+ Kxe6
42.Rh6+ Kd5 43.Rxa6 Rh4+ 44.Kg3 Rh8 45.Kf4 Rb8 46.g4 b4 47.g5 b3 48.Ra1  1/2-1/2

[Event "HUN-chT1"]
[Site "HUN"]
[Date "1995.??.??"]
[Round "?"]
[White "Berta, Krisztian"]
[Black "Lengyel, Ferenc"]
[Result "0-1"]
[WhiteElo "2245"]
[BlackElo "2315"]

1.d4 Nf6 2.c4 e6 3.Nc3 Bb4 4.Qc2 O-O 5.Bg5 h6 6.Bxf6 Qxf6 7.a3 Bxc3+ 8.Qxc3 d6
9.Nf3 Re8 10.e3 e5 11.dxe5 dxe5 12.O-O-O Nc6 13.h3 Bf5 14.Be2 Bh7 15.g4 Be4
16.Nd2 Bxh1 17.Rxh1 Qxf2 18.Bf3 e4 19.Rf1 Qg3 20.Bxe4 Ne5 21.Bxb7 Rad8 22.Bd5 c6
23.Be4 Qxh3 24.g5 Rxd2  0-1

[Event "HUN-chT1"]
[Site "HUN"]
[Date "1995.??.??"]
[Round "?"]
[White "Lehmann, Zoltan"]
[Black "Csiszar, Csaba"]
[Result "0-1"]
[WhiteElo "2340"]
[BlackElo "2380"]

1.d4 Nf6 2.c4 e6 3.Nc3 Bb4 4.Qc2 O-O 5.a3 Bxc3+ 6.Qxc3 b6 7.Bg5 Bb7 8.e3 c5
9.dxc5 bxc5 10.Nh3 d6 11.Bxf6 Qxf6 12.Qxf6 gxf6 13.Nf4 Rd8 14.Nh5 f5 15.Be2 Kf8
16.f3 a5 17.Kf2 Ra6 18.Rac1 Rb6 19.Rc2 Ke7 20.h3 Rg8 21.Rg1 Nd7 22.g4 fxg4
23.hxg4 h6 24.Ng3 Ne5 25.Rh1 Rg6 26.Rh4 Bxf3 27.Bxf3 Rf6 28.Ne4 Rxf3+ 29.Ke2 Rb3
30.Nc3 Rg3 31.Rxh6 Nxg4  0-1

[Event "HUN-chT1 9596"]
[Site "HUN"]
[Date "1995.??.??"]
[Round "4"]
[White "Kecskes, Gabor"]
[Black "Horvath, Sandor"]
[Result "0-1"]
[WhiteElo "2100"]
[BlackElo "2300"]

1.d4 Nf6 2.c4 e6 3.Nc3 Bb4 4.Qc2 O-O 5.a3 Bxc3+ 6.Qxc3 b6 7.Bg5 c5 8.dxc5 bxc5
9.e3 Bb7 10.f3 d6 11.Rd1 Qe7 12.Bd3 h6 13.Bh4 Rd8 14.Ne2 Nbd7 15.O-O Ne5
16.Bc2 Rab8 17.Rd2 Ng6 18.Bxg6 fxg6 19.Rfd1 g5 20.Bg3 e5 21.Qa5 g4 22.Qxa7 Ra8
23.Qb6 gxf3 24.Nc3 Ra6 25.Qb5 Rda8 26.gxf3 Bxf3 27.Rf1 Bc6 28.Qb3 Ne4 29.Nxe4 Bxe4
30.Rdf2 Qe6 31.Rd1 Kh7 32.Rdf1 R6a7 33.Qd1 Rb7 34.a4 Rab8 35.Qc1 Rb4 36.a5 Rxc4
37.Qd1 Rcb4 38.a6 Ra8 39.Qa1 Rb6 40.a7 Rb7 41.Qa4 c4 42.b3 Rxb3  0-1

[Event "Ilioupolis"]
[Site "Ilioupolis"]
[Date "1995.??.??"]
[Round "7"]
[White "Atalik, Suat"]
[Black "Kalesis, Nikolaos"]
[Result "1/2-1/2"]
[WhiteElo "2500"]
[BlackElo "2410"]

1.d4 Nf6 2.c4 e6 3.Nc3 Bb4 4.Qc2 O-O 5.a3 Bxc3+ 6.Qxc3 b6 7.Bg5 c5 8.dxc5 bxc5
9.e3 d6 10.Ne2 Nbd7 11.Qc2 Qb6 12.Nc3 Rb8 13.Rb1 Bb7 14.Bd3 h6 15.Bxf6 Nxf6
16.O-O a5 17.Rfd1 Rfd8 18.Rd2 Bc6 19.Rbd1 Qc7 20.Be2 Qb7 21.f3 Qc7 22.e4 Rd7
23.f4 Rb6 24.Bf3 Qb8 25.a4 e5 26.Nb5 exf4 27.Rxd6 Bxe4 28.Rxb6 Qxb6 29.Bxe4 Rxd1+
30.Qxd1 Nxe4 31.Qf3 Qe6 32.Qxf4 Qxc4 33.Qb8+ Kh7 34.Qf4 Qd5 35.h3 f6 36.Qe3 g5
37.Qe1 Qd3 38.Qxa5 Qe3+ 39.Kh2 Qf4+ 40.Kg1 Qf2+ 41.Kh2 Qxb2 42.Qc7+ Kg6 43.Qe7 Kf5
44.Qd7+ Kf4 45.Nd6 Nxd6 46.Qxd6+ Qe5 47.Qd3 Qd4 48.Qg3+ Kf5 49.a5 c4 50.Qg4+ Qxg4
51.hxg4+ Ke5 52.a6 c3 53.a7 c2 54.a8=Q c1=Q 55.Qa5+ Kd4 56.Qd8+ Ke4 57.Qe7+ Kd3
58.Qd6+ Ke2 59.Qa6+ Ke1 60.Qa5+ Ke2 61.Qa6+ Kf2 62.Qa2+ Ke1 63.Qe6+ Kd1 64.Qxf6 Qf4+
65.Qxf4 gxf4 66.Kh3 Ke2 67.g5  1/2-1/2

[Event "Isle of Man op"]
[Site "Isle of Man"]
[Date "1995.??.??"]
[Round "9"]
[White "Sadler, Matthew"]
[Black "Wells, Peter K"]
[Result "1/2-1/2"]
[WhiteElo "2565"]
[BlackElo "2545"]

1.d4 Nf6 2.c4 e6 3.Nc3 Bb4 4.Qc2 O-O 5.a3 Bxc3+ 6.Qxc3 Ne4 7.Qc2 f5 8.g3 b6
9.Bg2 Bb7 10.Nf3 Nf6 11.O-O Be4 12.Qd2 a5 13.b3 Nc6 14.Bb2 Ne7 15.a4 h6 16.Rfd1 d6
17.Ba3 Ng6 18.b4 axb4 19.Bxb4 Ra6 20.a5 Qa8 21.Bc3 Rb8 22.axb6 Rbxb6 23.h3 Rb3
24.Rdc1 Nd7 25.Rxa6 Qxa6 26.Ba5 Qb7 27.Qd1 Ra3 28.Ra1 Rxa1 29.Qxa1 c5 30.dxc5 Nxc5
31.Bc3 e5 32.Qa5 Ne6 33.Bb4 d5 34.cxd5 Bxd5 35.Bc3 f4 36.Nh4 Bxg2 37.Nxg2 Qe4
38.Qa2 Nf8 39.gxf4 exf4 40.e3 f3 41.Nf4 Kh7 42.Qd5 Qxd5 43.Nxd5 Ng5 44.Nf4 Ng6
45.Nh5 Nxh3+ 46.Kf1 Ne7 47.Nxg7 Ng5 48.Nh5 Nd5 49.Nf6+ Nxf6 50.Bxf6 Ne4 51.Bd8 Kg6
52.Kg1 Kf5 53.Bc7 h5 54.Kh2 Kg4 55.Kg1 Nd2 56.Bd8 Kf5 57.Kh2 Kg4 58.Kg1 Ne4
59.Bc7 Nc3 60.Bd8 Ne2+ 61.Kh2 Nc1 62.e4 Kf4 63.Bb6 Kxe4 64.Kg3 Ne2+ 65.Kh4 Nf4
66.Kg5 Nd5 67.Ba7 Kd3 68.Kxh5 Ke2 69.Kg4 Nc3 70.Kf4 Nd1 71.Kg3 Nxf2  1/2-1/2

[Event "Kassel op"]
[Site "Kassel"]
[Date "1995.??.??"]
[Round "3"]
[White "Kniest, Oliver"]
[Black "Matthias, Heiner"]
[Result "0-1"]
[WhiteElo "2170"]
[BlackElo "2340"]

1.d4 e6 2.c4 Nf6 3.Nc3 Bb4 4.Qc2 O-O 5.a3 Bxc3+ 6.Qxc3 b6 7.Bg5 c5 8.dxc5 bxc5
9.e3 Nc6 10.Bd3 Rb8 11.Nf3 d6 12.O-O h6 13.Bh4 e5 14.Nd2 g5 15.Bg3 Nh5 16.Be4 Ne7
17.Bf3 Ng7 18.Be2 Ne6 19.Ne4 Nc6 20.Rfd1 Ncd4 21.exd4 cxd4 22.Qc2 f5 23.Nd2 Qf6
24.f3 h5 25.b4 Bb7 26.Rf1 h4 27.Bf2 Nf4 28.Bd3 Rbc8 29.c5 d5 30.Bb5 a6 31.Ba4 e4
32.fxe4 fxe4 33.Nxe4 dxe4 34.Qc4+ Bd5 35.Qc2 e3 36.Be1 Nh3+  0-1

[Event "Katowice op"]
[Site "Katowice"]
[Date "1995.??.??"]
[Round "2"]
[White "Linauskas, Dainius"]
[Black "Nikolenko, Oleg"]
[Result "1/2-1/2"]
[WhiteElo "2320"]
[BlackElo "2480"]

1.d4 e6 2.c4 Nf6 3.Nc3 Bb4 4.Qc2 O-O 5.a3 Bxc3+ 6.Qxc3 b6 7.Bg5 Ba6 8.e3 d6
9.Bd3 Nbd7 10.b4 c5 11.dxc5 bxc5 12.Ne2 Ne5 13.O-O cxb4 14.axb4 Bxc4 15.Bxc4 Rc8
16.Rxa7 Rxc4 17.Qb3 Qb6 18.Bxf6 Rxb4 19.Qa3 gxf6 20.Ra6 Qb7 21.Ra7 Qb8 22.Ra4 Rb1
23.Ng3 Rc8 24.h3 Kh8 25.Rxb1 Qxb1+ 26.Kh2 Qc2 27.Rf4 Qc5 28.Qa1 f5 29.Qd1 d5
30.Qh5 Qf8 31.Qg5 f6 32.Qh5 Rc4 33.Rxc4 dxc4 34.f4 Nd3 35.Qf3 c3 36.Qc6 Nc5
37.Ne2 c2 38.Qb5 Ne4 39.Qc4 Qc5 40.Qxe6 c1=Q 41.Nxc1 Qxc1 42.Qe8+ Kg7 43.Qe7+  1/2-1/2

[Event "Katowice op"]
[Site "Katowice"]
[Date "1995.??.??"]
[Round "7"]
[White "Baturin, Mikhail"]
[Black "Linauskas, Dainius"]
[Result "1-0"]
[WhiteElo "2235"]
[BlackElo "2320"]

1.d4 Nf6 2.c4 e6 3.Nc3 Bb4 4.Qc2 O-O 5.Nf3 b6 6.Bg5 Bb7 7.e3 d6 8.Bd3 h6
9.Bh4 Nbd7 10.Nd2 d5 11.cxd5 exd5 12.O-O Re8 13.a3 Bf8 14.b4 c6 15.Nb3 Bd6
16.Bg3 Bf8 17.h3 Rc8 18.Rad1 Qe7 19.Qb2 Ne4 20.Bxe4 dxe4 21.d5 Qf6 22.dxc6 Bxc6
23.Nd4 Bb7 24.Qb3 Ba6 25.Nd5 Qd8 26.b5 Nc5 27.Qa2 Bb7 28.Nc6 Bxc6 29.bxc6 Kh8
30.c7 Qg5 31.Nb4 Qg6 32.Qd5 Ne6 33.Qd7 f5 34.Nc6 f4 35.Bxf4 Nxf4 36.exf4 Bc5
37.Ne5 Qf6 38.Nf7+ Kh7 39.Nd8  1-0

[Event "Kuopio op1"]
[Site "Kuopio"]
[Date "1995.??.??"]
[Round "?"]
[White "Kilpi, Teemu"]
[Black "Kiik, Kalle"]
[Result "0-1"]
[WhiteElo "2270"]
[BlackElo "2410"]

1.d4 Nf6 2.c4 e6 3.Nc3 Bb4 4.Qc2 O-O 5.a3 Bxc3+ 6.Qxc3 b6 7.Bg5 Bb7 8.f3 c5
9.dxc5 bxc5 10.e3 a5 11.Bd3 d6 12.Ne2 Nbd7 13.O-O a4 14.Rad1 Ra6 15.Rd2 h6
16.Bh4 Qe7 17.Rb1 Ne5 18.e4 Ba8 19.b4 axb3 20.Rxb3 Qd8 21.Bg3 Nfd7 22.f4 Nc6
23.Bb1 e5 24.fxe5 dxe5 25.Qf3 Nd4 26.Nxd4 cxd4 27.Rb5 Qe7 28.Qh5 f6 29.Qf5 Rxa3
30.Rxd4 exd4 31.e5 d3  0-1

[Event "Clarin op"]
[Site "La Carlota"]
[Date "1995.??.??"]
[Round "4"]
[White "Llanos, Guillermo"]
[Black "Slipak, Sergio"]
[Result "0-1"]
[WhiteElo "2405"]
[BlackElo "2520"]

1.d4 Nf6 2.c4 e6 3.Nc3 Bb4 4.Qc2 O-O 5.a3 Bxc3+ 6.Qxc3 b6 7.Nf3 Bb7 8.e3 d6
9.b4 Nbd7 10.Bb2 Ne4 11.Qc2 f5 12.Bd3 Ndf6 13.O-O Ng4 14.h3 Ngf6 15.Nd2 c5
16.f3 Ng3 17.Rf2 cxd4 18.exd4 Nfh5 19.f4 Qh4 20.d5 exd5 21.Nf3 Qe7 22.Re1 Ne4
23.cxd5 Rac8 24.Bxe4 Rxc2 25.Bxc2 Qd7 26.Ng5 Bxd5 27.Rd2 Qc6 28.Ne6 Re8 29.Bxf5 Nxf4
30.Rc1 Qxc1+ 31.Bxc1 Bxe6 32.Rf2 Bxf5 33.Bxf4 d5 34.Rd2 Be4 35.Kf2 Kf7 36.Rd1 Ke6
37.Be3 Rf8+ 38.Kg1 Rc8 39.a4 Rc3 40.Kf2 Ra3 41.a5 bxa5 42.bxa5 Rxa5 43.Rd2 Ra4
44.Bd4 g5 45.Kg3 h5 46.Kf2 a5 47.Ke3 Ra3+ 48.Kf2 a4 49.Rb2 Rb3 50.Rxb3 axb3
51.g3 h4 52.gxh4 gxh4 53.Ke3 Kf5 54.Kd2 Kf4 55.Bf2  0-1

[Event "Las Palmas op"]
[Site "Las Palmas"]
[Date "1995.??.??"]
[Round "3"]
[White "Pogorelov, Ruslan"]
[Black "Izeta Txabarri, Felix"]
[Result "0-1"]
[WhiteElo "2445"]
[BlackElo "2495"]

1.d4 Nf6 2.c4 e6 3.Nc3 Bb4 4.Qc2 O-O 5.a3 Bxc3+ 6.Qxc3 Ne4 7.Qc2 f5 8.e3 b6
9.Nh3 c5 10.f3 Nd6 11.dxc5 bxc5 12.b3 Nc6 13.Bb2 Rb8 14.Qc3 Qf6 15.O-O-O Nb7
16.b4 cxb4 17.axb4 Qe7 18.Ba3 a5 19.b5 Nb4 20.Kb1 Nc5 21.Be2 Bb7 22.Nf2 Rfc8
23.Rd2 d5 24.Bxb4 axb4 25.Qxb4 Qg5 26.Qc3 dxc4 27.Bxc4 Bd5 28.Bxd5 exd5 29.Qb4 Qxe3
30.Rhd1 Nb3 31.Rxd5 Rc1+ 32.Rxc1 Qxc1+ 33.Ka2 Qc2+  0-1

[Event "Lazne Bohdanec"]
[Site "Lazne Bohdanec"]
[Date "1995.??.??"]
[Round "8"]
[White "Babula, Vlastimil"]
[Black "Votava, Jan"]
[Result "1-0"]
[WhiteElo "2530"]
[BlackElo "2395"]

1.d4 Nf6 2.c4 e6 3.Nc3 Bb4 4.Qc2 O-O 5.a3 Bxc3+ 6.Qxc3 b6 7.Bg5 c5 8.dxc5 bxc5
9.e3 Bb7 10.f3 a5 11.Bd3 d6 12.Ne2 Nbd7 13.O-O h6 14.Bh4 Ne5 15.Bb1 Ba6 16.Ba2 Ng6
17.Bg3 Qb6 18.Rfd1 Rfd8 19.Rd2 e5 20.Rad1 Nf8 21.Bh4 N8h7 22.Bb1 g6 23.f4 Kg7
24.Ng3 Bb7 25.fxe5 dxe5 26.Qxe5 Rxd2 27.Rxd2 Re8 28.Rd6 Rxe5 29.Rxb6 Bc8
30.Nf1 Ne4 31.a4 Be6 32.Bd3 g5 33.Be1 Nhf6 34.Bxa5 h5 35.Be1 h4 36.a5 h3
37.a6 hxg2 38.Kxg2 Bg4 39.a7  1-0

[Event "Leeuwarden op"]
[Site "Leeuwarden"]
[Date "1995.??.??"]
[Round "6"]
[White "Hjartarson, Johann"]
[Black "Lobron, Eric"]
[Result "0-1"]
[WhiteElo "2570"]
[BlackElo "2595"]

1.d4 Nf6 2.c4 e6 3.Nc3 Bb4 4.Qc2 O-O 5.a3 Bxc3+ 6.Qxc3 Ne4 7.Qc2 f5 8.Nf3 b6
9.g3 Bb7 10.Bg2 Nf6 11.O-O Be4 12.Qc3 Qe8 13.b4 d6 14.Bb2 Nbd7 15.Rae1 a5
16.Nd2 axb4 17.axb4 Bxg2 18.Kxg2 Ne4 19.Nxe4 fxe4 20.Ra1 Rxa1 21.Rxa1 b5
22.cxb5 Qh5 23.d5 e5 24.Qc2 Qf7 25.Qxe4 Qxf2+ 26.Kh1 Nf6 27.Qf3 Qxf3+ 28.exf3 Nxd5
29.Kg2 Rb8 30.Ra5 Ne3+  0-1

[Event "Linares op"]
[Site "Linares"]
[Date "1995.??.??"]
[Round "?"]
[White "Sadler, Matthew"]
[Black "Hjartarson, Johann"]
[Result "1/2-1/2"]
[WhiteElo "2575"]
[BlackElo "2590"]

1.d4 Nf6 2.c4 e6 3.Nc3 Bb4 4.Qc2 O-O 5.a3 Bxc3+ 6.Qxc3 b6 7.Bg5 Bb7 8.f3 h6
9.Bh4 d5 10.e3 Nbd7 11.cxd5 Nxd5 12.Bxd8 Nxc3 13.Bh4 Nd5 14.Bf2 f5 15.Bb5 c6
16.Bc4 c5 17.Ne2 Rac8 18.Bb5 Rfd8 19.O-O a6 20.Ba4 cxd4 21.Nxd4 Nc5 22.Bc2 a5
23.Rfe1 Ba6 24.Rad1 g6 25.Bg3 a4 26.Rd2 Bc4 27.Kf2 Nf6 28.Red1 Rd5 29.Ne2 Nb3
30.Rxd5 Nxd5 31.Bb1 Kf7 32.e4 fxe4 33.fxe4 Nf6 34.Nc3 b5 35.h3 Nc5 36.Ke3 g5
37.Rd2 Ne8 38.Rd4 Ke7 39.Rd1 Rc6 40.h4 Nf6 41.hxg5 hxg5 42.Kf3 Ncd7 43.Bd3 e5
44.Bf2 Bxd3 45.Rxd3 Rc4 46.g4 b4 47.axb4 Rxb4 48.Be3 Rxb2 49.Nxa4 Rh2 50.Bxg5 Rh3+
51.Ke2 Rxd3 52.Kxd3 Kf7 53.Bxf6 Nxf6  1/2-1/2

[Event "Linares zt"]
[Site "Linares"]
[Date "1995.??.??"]
[Round "4"]
[White "Sadler, Matthew"]
[Black "Renet, Olivier"]
[Result "1/2-1/2"]
[WhiteElo "2565"]
[BlackElo "2520"]

1.d4 e6 2.c4 Nf6 3.Nc3 Bb4 4.Qc2 O-O 5.a3 Bxc3+ 6.Qxc3 d6 7.g3 e5 8.dxe5 dxe5
9.Bg2 Re8 10.Nf3 Nc6 11.Be3 a5 12.b3 Qe7 13.O-O h6 14.Rfd1  1/2-1/2

[Event "Litomysl op"]
[Site "Litomysl"]
[Date "1995.??.??"]
[Round "3"]
[White "Shemeakin, Alexander"]
[Black "Michenka, Jozef"]
[Result "1-0"]
[WhiteElo "2240"]
[BlackElo "2375"]

1.d4 Nf6 2.c4 e6 3.Nc3 Bb4 4.Qc2 O-O 5.a3 Bxc3+ 6.Qxc3 Ne4 7.Qc2 f5 8.e3 b6
9.Nh3 Bb7 10.f3 Ng5 11.Nf2 c5 12.dxc5 bxc5 13.h4 Nf7 14.Bd2 Qf6 15.Nd3 d6
16.Bc3 e5 17.O-O-O Nd7 18.Nf2 Qe6 19.Bd3 g6 20.h5 d5 21.hxg6 hxg6 22.cxd5 Bxd5
23.g4 fxg4 24.Rdg1 Bxf3 25.Bxg6 Nd6 26.Nxg4 Bxh1 27.Nf6+ Qxf6 28.Be8+ Qg7
29.Rxg7+ Kxg7 30.Qg6+ Kh8 31.Qh6+ Kg8 32.Qg5+ Kh8 33.Qh5+ Kg8 34.Qg4+ Kh8
35.Qh3+ Kg8 36.Qg3+ Kh8 37.Qh2+ Kg7 38.Qg1+ Kf6 39.Bxd7 Rh8  1-0

[Event "Capablanca mem-B"]
[Site "Matanzas"]
[Date "1995.??.??"]
[Round "8"]
[White "Rabelo Gil, Eddy"]
[Black "Servat, Roberto"]
[Result "1/2-1/2"]
[WhiteElo "2395"]
[BlackElo "2450"]

1.d4 Nf6 2.c4 e6 3.Nc3 Bb4 4.Qc2 O-O 5.Nf3 d6 6.Bg5 Nbd7 7.e3 b6 8.Be2 Bb7
9.Nd2 c5 10.dxc5 Nxc5 11.O-O Bxc3 12.bxc3 Rc8 13.f3 Ncd7 14.e4 Qc7 15.Be3 Ne5
16.Qa4 Nfd7 17.Rab1 Nc6 18.Nb3 Nc5 19.Qa3 e5 20.Rfd1 Rcd8 21.Rd2 Bc8 22.Rbd1 h6
23.Bf1 Rfe8 24.Kh1 Nb7 25.Kg1 Be6 26.Be2 Nca5 27.Nxa5 Nxa5 28.Rxd6 Bxc4 29.Rxd8 Rxd8
30.Rxd8+ Qxd8 31.Qb2 Qd7 32.Kf2 Qa4 33.Bxc4 Nxc4 34.Qb3 Qc6 35.Ke2 Kh7 36.a4 Kg6
37.Kd3 Nxe3 38.Kxe3 Qc5+ 39.Kd3 Qg1 40.Qc2 Qxh2 41.Kc4 Qg1 42.Qd2 Qc5+ 43.Kb3 Qc7
44.Qd5 Kf6 45.Kb4 a6 46.Qa8 Qd6+ 47.Kc4 Qe6+ 48.Kb4 a5+ 49.Kb5 Qb3+  1/2-1/2

[Event "Moscow5"]
[Site "Moscow"]
[Date "1995.??.??"]
[Round "2"]
[White "Kiselev, Sergey"]
[Black "Nikolenko, Oleg"]
[Result "1/2-1/2"]
[WhiteElo "2505"]
[BlackElo "2475"]

1.d4 Nf6 2.c4 e6 3.Nc3 Bb4 4.Qc2 O-O 5.a3 Bxc3+ 6.Qxc3 b6 7.f3 d5 8.Bg5 Bb7
9.Nh3 Nbd7 10.e3 h6  1/2-1/2

[Event "Moscow op"]
[Site "Moscow"]
[Date "1995.??.??"]
[Round "3"]
[White "Mitenkov, Alexey"]
[Black "Eismont, Oleg"]
[Result "1/2-1/2"]
[WhiteElo "2465"]
[BlackElo "2435"]

1.d4 Nf6 2.c4 e6 3.Nc3 Bb4 4.Qc2 O-O 5.a3 Bxc3+ 6.Qxc3 b6 7.b4 c5 8.Bb2 Ne4
9.Qc2 Bb7 10.e3 Qe7 11.dxc5 bxc5 12.b5 d6 13.Nh3 Nd7 14.f3 Nef6 15.Bd3 Rfd8
16.O-O h6 17.Nf2 d5 18.e4 dxc4 19.Bxc4 Nb6 20.Rfd1 Rxd1+ 21.Rxd1 Nfd7 22.Nd3 a6
23.a4 axb5 24.axb5 Ra4 25.Bb3 Ra8 26.Qc3 Qf6 27.Qxf6 gxf6 28.Rc1 Ra5 29.Nxc5 Rxb5
30.Nxd7 Nxd7 31.Ba4 Rxb2 32.Bxd7  1/2-1/2

[Event "Moscow op"]
[Site "Moscow"]
[Date "1995.??.??"]
[Round "4"]
[White "Efremov, Roman"]
[Black "Mitenkov, Alexey"]
[Result "1/2-1/2"]
[WhiteElo "2475"]
[BlackElo "2465"]

1.d4 Nf6 2.c4 e6 3.Nc3 Bb4 4.Qc2 O-O 5.a3 Bxc3+ 6.Qxc3 b6 7.Bg5 Bb7 8.f3 c5
9.dxc5 bxc5 10.e3 d6 11.Bd3 Nbd7 12.Ne2 Re8 13.O-O d5 14.Rad1 h6 15.Bxf6 Qxf6
16.cxd5 exd5 17.Bb5 Re7 18.Bxd7 Qxc3 19.Nxc3 Rxd7 20.Rf2 Bc6 21.Rfd2 Rad8
22.Ne2 Bb5 23.Rc1 Bxe2 24.Rxe2 c4 25.Kf2 Rb8 26.Rd2 Rdb7 27.Rcc2 Rb5 28.Kg3 R8b6
29.h4 g6 30.Kf4 Re6 31.g4 Kg7 32.Rd4 Rb3 33.Rc3 Rf6+ 34.Kg3 Rxc3 35.bxc3 Ra6
36.e4 dxe4 37.Rxe4 Rxa3 38.Rxc4 a5  1/2-1/2

[Event "Moscow-ch op"]
[Site "Moscow"]
[Date "1995.??.??"]
[Round "4"]
[White "Dragomarezkij, Evgeni"]
[Black "Kalinin, Alexander"]
[Result "1-0"]
[WhiteElo "2475"]
[BlackElo "2365"]

1.d4 Nf6 2.c4 e6 3.Nc3 Bb4 4.Qc2 O-O 5.Nf3 c5 6.dxc5 Na6 7.Bd2 Nxc5 8.e3 b6
9.Be2 Bb7 10.O-O d6 11.Rfd1 Qe7 12.b3 Nce4 13.Nxe4 Bxe4 14.Qb2 Bxd2 15.Rxd2 d5
16.Ne5 dxc4 17.Bxc4 Rfd8 18.Rad1 Bb7 19.Rd4 Rac8 20.Qd2 Rxd4 21.Qxd4 Kf8
22.f3 Qc7 23.g4 h6 24.e4 a6 25.a4 Qc5 26.h4 Ke8 27.Kg2 Qxd4 28.Rxd4 Rc5 29.Nd3 Rc7
30.g5 hxg5 31.hxg5 Nd7 32.g6 Ke7 33.gxf7 Kxf7 34.Rd6 Nc5 35.Nxc5 bxc5 36.Rxe6 Kf8
37.a5 Rd7 38.Bxa6 Bxa6 39.Rxa6 Rb7 40.Rb6  1-0

[Event "Moscow op"]
[Site "Moscow"]
[Date "1995.??.??"]
[Round "4"]
[White "Annakov, Babakuli"]
[Black "Kalinin, Alexander"]
[Result "1/2-1/2"]
[WhiteElo "2420"]
[BlackElo "2380"]

1.d4 Nf6 2.c4 e6 3.Nc3 Bb4 4.Qc2 O-O 5.Nf3 c5 6.dxc5 Na6 7.g3 Nxc5 8.Bg2 Nce4
9.O-O Nxc3 10.bxc3 Be7 11.e4 d6 12.e5 dxe5 13.Nxe5 Qc7 14.Qe2 Bd6 15.Bf4 Nd7
16.Nxd7 Bxd7 17.Bxd6 Qxd6 18.Bxb7 Rab8 19.Rab1 Qc7 20.Bg2 Bc6 21.Bxc6 Qxc6  1/2-1/2

[Event "Moscow op"]
[Site "Moscow"]
[Date "1995.??.??"]
[Round "5"]
[White "Dragomarezkij, Evgeni"]
[Black "Baev, Aleksander"]
[Result "1-0"]
[WhiteElo "2465"]
[BlackElo "2345"]

1.d4 Nf6 2.c4 e6 3.Nc3 Bb4 4.Qc2 O-O 5.a3 Bxc3+ 6.Qxc3 b6 7.Bg5 Bb7 8.f3 d5
9.e3 Nbd7 10.cxd5 exd5 11.Bd3 Re8 12.Ne2 c6 13.Bf5 Nf8 14.Qd3 Bc8 15.Bxc8 Rxc8
16.O-O h6 17.Bh4 Ng6 18.Bf2 c5 19.Nc3 Qd7 20.Rfe1 c4 21.Qc2 b5 22.b4 cxb3
23.Qxb3 Rc4 24.Reb1 a6 25.Na2 Rec8 26.Nb4 Rc3 27.Qd1 a5 28.Nd3 Qc6 29.Be1 Rc2
30.Bxa5 Nh4 31.Bd2 Nh5 32.Ne1 Rc4 33.Rb2 f5 34.Nd3 Qg6 35.Be1 Qf6 36.Ne5 f4
37.Nxc4 bxc4 38.Bxh4 Qxh4 39.e4 dxe4 40.fxe4 Nf6 41.Qf3 Nh7 42.Qf2 Qd8 43.Rd1 c3
44.Rc2 Rc4 45.e5 Ng5 46.d5 f3 47.Kh1 Rf4 48.Qe3 Qf8 49.e6 Re4 50.Qf2 Rf4
51.gxf3 Rxf3 52.Qe2 Qa8 53.e7 Kf7 54.Rxc3 Rxc3 55.Rf1+  1-0

[Event "Moscow-ch op"]
[Site "Moscow"]
[Date "1995.??.??"]
[Round "5"]
[White "Rychagov, Andrei"]
[Black "Arbakov, Valentin"]
[Result "0-1"]
[WhiteElo "2310"]
[BlackElo "2455"]

1.d4 Nf6 2.c4 e6 3.Nc3 Bb4 4.Qc2 O-O 5.a3 Bxc3+ 6.Qxc3 b6 7.Bg5 Bb7 8.f3 h6
9.Bh4 d5 10.e3 Nbd7 11.cxd5 Nxd5 12.Bxd8 Nxc3 13.Bh4 Nd5 14.Bf2 f5 15.Bb5 c6
16.Ba4 e5 17.Ne2 Rae8 18.Kd2 exd4 19.Nxd4 Ne5 20.Rhc1 Rf6 21.b4 Rd8 22.f4 Ng4
23.Bg1 Rf7 24.Bxc6 Ndxe3 25.Bxe3 Nxe3 26.Bxb7 Rxb7 27.Kxe3 Re7+ 28.Kf3 Rxd4
29.Rd1 Rde4 30.Rd2 Re3+ 31.Kf2 Rb3 32.Rd5 g6 33.Rd6 Kh7 34.Rc6 h5 35.Rac1 Kh6
36.R1c2 Re4 37.g3 Ree3 38.Rc7 h4 39.gxh4 a5 40.bxa5 bxa5 41.Ra7 Rf3+ 42.Kg2 Rxf4
43.Rxa5 Rg4+ 44.Kf1 Rxh4 45.a4 Rb1+ 46.Kg2 Rg4+ 47.Kf3 Kg5 48.Ke3 Rb3+ 49.Kf2 Kf4
50.Re2 Rf3+ 51.Ke1 Rg1+ 52.Kd2 Ra3 53.Rc5 Rxa4 54.Rf2+ Kg4 55.Rc2 Ra3 56.Ke2 g5
57.Rf1 Rg2+ 58.Rf2 Kh3 59.Rxg2 Kxg2 60.Rc5 Rf3 61.h3 Rf4 62.Rc3 Re4+ 63.Kd2 f4  0-1

[Event "Moscow op"]
[Site "Moscow"]
[Date "1995.??.??"]
[Round "5"]
[White "Skomorokhin, Roman"]
[Black "Moizhess, Igor"]
[Result "0-1"]
[WhiteElo "2465"]
[BlackElo "2475"]

1.d4 Nf6 2.c4 e6 3.Nc3 Bb4 4.Qc2 O-O 5.a3 Bxc3+ 6.Qxc3 b6 7.Bg5 Bb7 8.e3 d6
9.f3 Nbd7 10.Bd3 h6 11.Bh4 c5 12.Ne2 Rc8 13.b4 d5 14.dxc5 bxc5 15.b5 e5 16.cxd5 g5
17.Bf2 c4 18.Bf5 Nxd5 19.Qd2 Nc5 20.Bxc8 Nb3 21.Qb2 Qa5+ 22.Kf1 Rxc8 23.Rd1 Qxb5
24.Nc3 Qa5 25.Nxd5 Bxd5 26.Qxe5 c3 27.Rxd5 Qa6+ 28.Rb5 c2 29.Ke2 c1=Q 30.Rxc1 Nxc1+
31.Kd2 Qxa3 32.Qd5 Qc3+ 33.Kd1 Qc2+  0-1

[Event "Moscow-ch op"]
[Site "Moscow"]
[Date "1995.??.??"]
[Round "6"]
[White "Mitenkov, Alexey"]
[Black "Kalinin, Alexander"]
[Result "1-0"]
[WhiteElo "2430"]
[BlackElo "2365"]

1.d4 Nf6 2.c4 e6 3.Nc3 Bb4 4.Qc2 O-O 5.a3 Bxc3+ 6.Qxc3 b6 7.b4 d5 8.e3 c5
9.dxc5 Ne4 10.Qc2 bxc5 11.Bd3 cxb4 12.axb4 Nc6 13.Ba3 Ne5 14.Bxe4 dxe4 15.Qxe4 Qf6
16.Bb2 Nd3+ 17.Qxd3 Qxb2 18.Rb1 Qf6 19.Ne2 Bb7 20.O-O Rfd8 21.Qc3 Qg6 22.Nf4 Qg5
23.f3 Rac8 24.Nh3 Qh5 25.Ra1 a6 26.e4 Rd7 27.Nf2 Qg5 28.Rfd1 Rxd1+ 29.Rxd1 a5
30.b5 h6 31.Rc1 Qc5 32.Qxa5 f5 33.exf5 exf5 34.Qd2 Bd5 35.b6 Bb7 36.Qd7 Qxb6
37.Qxf5 Qe3 38.Rf1 Re8 39.h3 Ba6 40.Qd5+ Kh8 41.Ra1 Bc8 42.Qd3 Qc5 43.Ra8 Re1+
44.Kh2 Qc7+ 45.g3 Rc1 46.Ra4 Qc5 47.Kg2 Bb7 48.Qd2 Bxf3+ 49.Kxf3 Qc6+ 50.Ne4 Rf1+
51.Kg2 Qxe4+ 52.Kxf1 Qf3+ 53.Ke1 Qh1+ 54.Kf2 Qh2+ 55.Ke3 Qxg3+ 56.Kd4  1-0

[Event "RUS-chJ"]
[Site "Moscow"]
[Date "1995.??.??"]
[Round "6"]
[White "Sotnikov, Igor"]
[Black "Shariyazdanov, Andrey"]
[Result "1/2-1/2"]
[WhiteElo "2440"]
[BlackElo "2460"]

1.d4 Nf6 2.c4 e6 3.Nc3 Bb4 4.Qc2 O-O 5.a3 Bxc3+ 6.Qxc3 b6 7.Bg5 Bb7 8.Nh3 h6
9.Bh4 d5 10.cxd5 exd5 11.e3 c5 12.Bd3 Nc6 13.O-O cxd4 14.exd4 g5 15.Qc1 Nh7
16.Re1 f5 17.Bg3 f4 18.Re6 Nf6 19.Bxf4 Nxd4 20.Rd6 Qe7 21.Qe3 Qxe3 22.Bxe3 Nb3
23.Rd1 Rad8 24.Rxd8 Rxd8 25.Bc2 Na5 26.f3 Nc6 27.Rc1 Kf7 28.Ba4 d4 29.Bd2 Rc8
30.Nf2 Ne5 31.Bb3+ Kg6 32.Rxc8 Bxc8 33.Kf1 Bf5 34.Bb4 Nfd7 35.Bd6 Kf6 36.Ke2 Nc5
37.Bd5 Na4 38.Bb8 a6 39.g4 Bb1 40.Bc7 b5 41.Bd8+ Kg7 42.Bc7 Kf6 43.Bd8+ Kg7
44.Kd2 Nxb2 45.Kc1 Na4 46.Bb7 Nc5 47.Bc8 Bg6 48.Bb6 Ned7  1/2-1/2

[Event "Moscow op"]
[Site "Moscow"]
[Date "1995.??.??"]
[Round "7"]
[White "Skomorokhin, Roman"]
[Black "Supatashvili, Khvicha"]
[Result "1-0"]
[WhiteElo "2465"]
[BlackElo "2450"]

1.d4 Nf6 2.c4 e6 3.Nc3 Bb4 4.Qc2 O-O 5.a3 Bxc3+ 6.Qxc3 b6 7.Bg5 Bb7 8.e3 d6
9.f3 Nbd7 10.Bd3 c5 11.Ne2 h6 12.Bh4 Rc8 13.b4 cxd4 14.exd4 e5 15.O-O b5
16.c5 exd4 17.Nxd4 dxc5 18.Nf5 cxb4 19.Qxb4 Ne5 20.Bxb5 Ng6 21.Rad1 Qb6+
22.Bf2 Qe6 23.Bd3 Ba8 24.Rfe1 Qc6 25.Bxa7 Rfd8 26.Bd4 Nd5 27.Qb2 Rb8 28.Qa1 Ndf4
29.Ba7 f6 30.Be4 Qa4 31.Bxb8 Rxb8 32.Qa2+  1-0